Counterexamples in analysis
Αποθηκεύτηκε σε:
| Κύριος συγγραφέας: | |
|---|---|
| Άλλοι συγγραφείς: | |
| Μορφή: | Βιβλίο |
| Γλώσσα: | English |
| Δημοσίευση: |
San Francisco :
Holden-Day,
1964
|
| Σειρά: | The Mathesis series
|
| Θέματα: | |
| Ετικέτες: |
Προσθήκη ετικέτας
Δεν υπάρχουν, Καταχωρήστε ετικέτα πρώτοι!
|
MARC
| LEADER | 00000cam a2200000 i 4500 | ||
|---|---|---|---|
| 001 | 1/95076 | ||
| 008 | 081008s1964 eng d | ||
| 035 | |l 10100712 | ||
| 040 | |a GR-MY-UA |b gre |e aacr | ||
| 041 | 0 | |a eng | |
| 082 | 0 | |a 515 |2 (22) | |
| 100 | 1 | |a Gelbaum, Bernard R. | |
| 245 | 1 | 0 | |a Counterexamples in analysis / |c Bernard R. Gelbaum, John M. H. Olmsted |
| 260 | |a San Francisco : |b Holden-Day, |c 1964 | ||
| 300 | |a xxiv, 194 σ.; |b εικ.; |c 22 εκ. | ||
| 490 | 1 | |a The Mathesis series | |
| 504 | |a Περιέχει ευρετήριο | ||
| 650 | 0 | 0 | |a Mathematical analysis. |
| 700 | 1 | |a Olmsted, John M. H. |q (John Meigs Hubbell), |d 1911-1997. | |
| 830 | 0 | |a The Mathesis series | |
| 852 | |a INST |b SAMOS |c MAG |e 20081008 |h 515 GEL |p 005300029918 |q 005300029918 |t BK |y 0 | ||
| 901 | |a BIBL3-2008-3 | ||
| 909 | |a Σ |b 134840 | ||
| 970 | |a ΣΙΤΖΙΜΗ |b ΓΙΑΣΕΜΗ |z 2008/10/08 | ||